[Event "Kuala Lumpur Arena op"]
[Site "Kuala Lumpur"]
[Date "2015.11.13"]
[Round "1"]
[White "Jayamurthey, Pavitranayagi"]
[Black "Farizal, Farah Amirah"]
[Result "1-0"]
[WhiteElo "1694"]
[BlackElo "1171"]
[PlyCount "87"]
[EventDate "2015.11.13"]
[EventType "swiss"]
[EventRounds "7"]
[EventCountry "MAS"]
[SourceTitle "EXT 2017"]
[Source "ChessBase"]
[SourceDate "2016.10.25"]
[SourceVersion "1"]
[SourceVersionDate "2016.10.25"]
[SourceQuality "1"]

1. e4 e5 2. Nf3 d6 3. Bc4 h6 4. Nc3 Nf6 5. h3 Be7 6. d3 Nc6 7. Be3 b6 8. Qd2 Bb7 9. a3 Na5 10. Ba2 Qd7 11. b4 Nc6 12. 0-0 a5 13. Nd5 axb4 14. axb4 Na7 15. Nxf6+ Bxf6 16. c3 c5 17. bxc5 bxc5 18. Rfb1 Nc8 19. Bb3 Qc7 20. Rxa8 Bxa8 21. Qa2 Bc6 22. Bd5 0-0 23. Bb3 Ne7 24. Nh2 Ng6 25. Ng4 Qe7 26. Qe2 Rb8 27. Ba2 Rxb1+ 28. Bxb1 Nf8 29. Qf3 Nd7 30. Ba2 Ba4 31. Bc4 Nb6 32. Ba2 Bc2 33. Qe2 Ba4 34. Qb2 Nd7 35. Bc4 Bc6 36. Qa2 Qd8 37. Qa7 Qe7 38. Qc7 Ba4 39. Qb7 Bc2 40. Nxf6+ Qxf6 41. Qxd7 Qg6 42. Qe8+ Kh7 43. Bxf7 Qf6 44. Qg8# 1-0

[Event "Wch U18 Girls"]
[Site "Al Ain"]
[Date "2013.12.23"]
[Round "10"]
[White "De Silva, Shelani"]
[Black "Jayamurthey, Pavitranayagi"]
[Result "0-1"]
[WhiteElo "1633"]
[BlackElo "1694"]
[PlyCount "102"]
[EventDate "2013.12.18"]
[EventType "swiss"]
[EventRounds "11"]
[EventCountry "UAE"]
[SourceTitle "CBM 158 Extra"]
[Source "ChessBase"]
[SourceDate "2014.02.28"]
[SourceVersion "1"]
[SourceVersionDate "2014.02.28"]
[SourceQuality "1"]

1. e4 e5 2. Nf3 Nc6 3. Bb5 a6 4. Ba4 Nf6 5. 0-0 b5 6. Bb3 Be7 7. Re1 d6 8. h3 0-0 9. c3 Bb7 10. d4 h6 11. Nbd2 Re8 12. Nf1 Bf8 13. Ng3 Rc8 14. Nh4 Na5 15. Bc2 exd4 16. cxd4 Nxe4 17. Nhf5 Nxg3 18. Nxg3 Nc6 19. Be3 Nb4 20. Bb3 Bd5 21. a3 Bxb3 22. Qxb3 Nc6 23. a4 Na5 24. Qd3 c6 25. b3 d5 26. Qc3 Nb7 27. Qd3 Nd6 28. axb5 axb5 29. Ra7 Rc7 30. Ra6 Qd7 31. Rea1 g6 32. Qd2 Kh7 33. Nf1 Ne4 34. Qc1 Bg7 35. Nh2 Qe6 36. Ng4 h5 37. Ne5 Bxe5 38. dxe5 Rcc8 39. Bf4 Qf5 40. R1a2 c5 41. Rc2 d4 42. f3 Nc3 43. Rf6 Qd7 44. Qd2 b4 45. g4 Re6 46. Qf2 Rxf6 47. exf6 d3 48. Qh4 Qd4+ 49. Qf2 Qxf4 50. Rd2 Ne2+ 51. Kg2 Qxd2 0-1

[Event "Wch U18 Girls"]
[Site "Al Ain"]
[Date "2013.12.22"]
[Round "6"]
[White "Dewanthi, AH Chamika"]
[Black "Jayamurthey, Pavitranayagi"]
[Result "1/2-1/2"]
[WhiteElo "1584"]
[BlackElo "1694"]
[PlyCount "65"]
[EventDate "2013.12.18"]
[EventType "swiss"]
[EventRounds "11"]
[EventCountry "UAE"]
[SourceTitle "CBM 158 Extra"]
[Source "ChessBase"]
[SourceDate "2014.02.28"]
[SourceVersion "1"]
[SourceVersionDate "2014.02.28"]
[SourceQuality "1"]

1. e4 e5 2. Nf3 Nc6 3. Bc4 Bc5 4. d3 h6 5. Be3 Bb6 6. Nc3 d6 7. h3 Nf6 8. Qd2 Be6 9. Bb3 Qd7 10. 0-0-0 Bxb3 11. cxb3 Bxe3 12. fxe3 Nb4 13. Kb1 a5 14. d4 Qc6 15. d5 Qd7 16. Rdf1 b5 17. g4 Na6 18. g5 hxg5 19. Nxg5 b4 20. Ne2 a4 21. bxa4 Qxa4 22. b3 Qa5 23. Nc1 Nc5 24. Qg2 Rh5 25. h4 Qa6 26. Rhg1 Nd3 27. Ne6 fxe6 28. Qxg7 Nxc1 29. Qg8+ Nxg8 30. Rxg8+ Ke7 31. Rg7+ Ke8 32. Rg8+ Ke7 33. Rg7+ 1/2-1/2

[Event "Asia Cities-ch 17th"]
[Site "Jakarta"]
[Date "2011.04.28"]
[Round "9.11"]
[White "Saleh, Nagueb M"]
[Black "Jayamurthey, Pavitranayagi"]
[Result "1-0"]
[WhiteElo "2194"]
[BlackElo "1676"]
[PlyCount "69"]
[EventDate "2011.04.22"]
[EventType "team-swiss"]
[EventRounds "9"]
[EventCountry "INA"]
[SourceTitle "CBM 142 Extra"]
[Source "ChessBase"]
[SourceDate "2011.06.27"]
[SourceVersion "1"]
[SourceVersionDate "2011.06.27"]
[SourceQuality "1"]
[WhiteTeam "Dubai"]
[BlackTeam "Putrajaya"]
[WhiteTeamCountry "UAE"]
[BlackTeamCountry "MAS"]

1. Nf3 Nf6 2. c4 c6 3. d4 d5 4. e3 e6 5. Bd3 Nbd7 6. 0-0 Bd6 7. Nbd2 0-0 8. e4 dxc4 9. Nxc4 Bc7 10. Bg5 h6 11. Bh4 Qe8 12. Rc1 a6 13. Bb1 e5 14. Bg3 Qe7 15. dxe5 Nh5 16. e6 Nxg3 17. exd7 Nxf1 18. dxc8Q Raxc8 19. Qxf1 Rcd8 20. g3 Rd7 21. Qe2 Rfd8 22. e5 Qe6 23. Re1 b5 24. Ne3 g6 25. Ng2 Qe7 26. h4 Ba5 27. Rf1 Bc7 28. h5 g5 29. Qc2 Qe6 30. Qh7+ Kf8 31. Bf5 Qd5 32. Qxh6+ Ke8 33. Qh8+ Ke7 34. Qf6+ Ke8 35. h6 1-0

[Event "Asia Cities-ch 17th"]
[Site "Jakarta"]
[Date "2011.04.23"]
[Round "2.12"]
[White "Jayamurthey, Pavitranayagi"]
[Black "Yee, Soon Wei"]
[Result "1/2-1/2"]
[WhiteElo "1676"]
[BlackElo "2285"]
[PlyCount "119"]
[EventDate "2011.04.22"]
[EventType "team-swiss"]
[EventRounds "9"]
[EventCountry "INA"]
[SourceTitle "CBM 142 Extra"]
[Source "ChessBase"]
[SourceDate "2011.06.27"]
[SourceVersion "1"]
[SourceVersionDate "2011.06.27"]
[SourceQuality "1"]
[WhiteTeam "Putrajaya"]
[BlackTeam "Bandar Seri Begawan"]
[WhiteTeamCountry "MAS"]
[BlackTeamCountry "BRN"]

1. e4 e5 2. Nf3 Nc6 3. Bc4 Bc5 4. d3 Nf6 5. Nc3 d6 6. h3 h6 7. 0-0 Be6 8. Bb3 Qd7 9. Be3 0-0 10. Nd5 Bxd5 11. Bxd5 Bxe3 12. fxe3 Nxd5 13. exd5 Ne7 14. c4 f5 15. Qe1 Rf6 16. a4 Raf8 17. b3 g5 18. Nh2 Ng6 19. Ra2 h5 20. Raf2 f4 21. Qe2 Qh7 22. b4 Nh4 23. e4 Kh8 24. b5 Rg8 25. g3 Ng6 26. g4 f3 27. Rxf3 Nf4 28. Qe3 Rh6 29. Kf2 Rf8 30. Ke1 b6 31. Kd2 Ra8 32. Kc3 a6 33. Kb4 Qd7 34. d4 h4 35. dxe5 dxe5 36. Qc3 Qe7+ 37. Kb3 axb5 38. cxb5 Ne2 39. Qc4 Nd4+ 40. Kb2 Nxf3 41. Rxf3 Rf6 42. Kb3 Raf8 43. Rf5 Qg7 44. Qc3 Re8 45. Qf3 Rxf5 46. gxf5 Kg8 47. Qh5 Rf8 48. Nf3 Qf6 49. Nxg5 Qg7 50. Qxh4 Rf6 51. Ne6 Qh6 52. Qg3+ Kh8 53. Qxe5 Qe3+ 54. Kc2 Qe2+ 55. Kb3 Qd1+ 56. Kb4 Qe1+ 57. Kb3 Qd1+ 58. Kb4 Qe1+ 59. Kb3 Qd1+ 60. Kb4 1/2-1/2